Population and Settlement Geography (Record no. 10024)

MARC details
000 -LEADER
fixed length control field 00378nam a22001457a 4500
008 - FIXED-LENGTH DATA ELEMENTS--GENERAL INFORMATION
fixed length control field 240913b |||||||| |||| 00| 0 eng d
020 ## - INTERNATIONAL STANDARD BOOK NUMBER
International Standard Book Number 9789391166205
082 ## - DEWEY DECIMAL CLASSIFICATION NUMBER
Classification number 312.33
100 ## - MAIN ENTRY--PERSONAL NAME
Personal name Singh Y.I.
245 ## - TITLE STATEMENT
Title Population and Settlement Geography
260 ## - PUBLICATION, DISTRIBUTION, ETC.
Place of publication, distribution, etc. New Delhi :
Name of publisher, distributor, etc. Global Net Publication,
Date of publication, distribution, etc. 2021.
300 ## - PHYSICAL DESCRIPTION
Extent p. 582;
Dimensions 24 Cm.
942 ## - Added entry Elements (Koha)
Source of classification or shelving scheme Dewey Decimal Classification
Holdings
Withdrawn status Lost status Source of classification or shelving scheme Damaged status Not for loan Collection code Home library Current library Shelving location Date acquired Serial Enumeration / chronology Total Checkouts Full call number Barcode Date last seen Price effective from Koha item type
    Dewey Decimal Classification     Main TEST RTC Library RTC Library Main opac 13/09/2024 18829   312.33 SIN 30019970 13/09/2024 13/09/2024 Main
Royal Thimphu College || All Right Reserved